000 00602nam a2200121Ia 4500
008 220621s9999||||xx |||||||||||||| ||und||
100 _aLindsey King (Ed.)
245 0 _aRecovery, Renewal, Reclaiming: Anthropological Research toward Healing
546 _aEnglish[eng]
650 _aMedical anthropology--Southern States--Cross-cultural studies--Congresses||Ethnology--Southern States--Congresses||Public health--Social aspects--United States--Citizen participation--Case studies--Congresses
856 _uhttp://trace.tennessee.edu/cgi/viewcontent.cgi?article=1000&context=utk_sasproceed
942 _cEB
999 _c36739
_d36739